| 000 | 01012cam a2200169 4500500 | ||
|---|---|---|---|
| 005 | 20260111040455.0 | ||
| 041 | _afre | ||
| 042 | _adc | ||
| 100 | 1 | 0 |
_aHowes, Thomas _eauthor |
| 700 | 1 | 0 |
_aGautier, Benoît _eauthor |
| 245 | 0 | 0 | _aEl posliberalismo católico, el alma condenada del trumpismo |
| 260 | _c2025. | ||
| 500 | _a82 | ||
| 520 | _aEn nuestro número de mayo de 2025, entrevistamos a James Patterson sobre el legado histórico de los católicos posliberales estadounidenses contemporáneos. En esta ocasión, nos volvemos hacia el coautor de su libro, Thomas Howes, para explorar el aspecto doctrinal y espiritual del fenómeno posliberal que alimenta a los líderes e ideólogos católicos del movimiento trumpista. ¿Cómo se articulan en este movimiento las aspiraciones políticas, las virtudes cívicas y la visión de la salvación? | ||
| 786 | 0 | _nÉtudes | 4331 | 11 | 2025-11-03 | p. 7-16 | |
| 856 | 4 | 1 | _uhttps://shs.cairn.info/revista-etudes-2025-11-page-7?lang=es&redirect-ssocas=7080 |
| 999 |
_c1612754 _d1612754 |
||